Statistics for International car registration letter codes

Click here to take the quiz!

General Stats

  • This quiz has been taken 28 times
  • The average score is 15 of 30

Answer Stats

HintAnswer% Correct
DGermany
95%
NLNetherlands
95%
CHSwitzerland
86%
ESpain
76%
ZWZimbabwe
76%
BiHBosnia
71%
KZKazakhstan
71%
ZASouth Africa
71%
CDNCanada
67%
GBZGibraltar
67%
ILIsrael
67%
HRCroatia
62%
ISIceland
62%
LLuxembourg
62%
ETEgypt
48%
BYBelarus
43%
GEGeorgia
43%
MAMorocco
43%
MDMoldova
38%
RCHChile
33%
RIIndonesia
33%
DZAlgeria
29%
RAArgentina
29%
FLLiechtenstein
29%
FOFaroe
24%
MCMonaco
24%
YVVenezuela
24%
EAKKenya
19%
ESEL Salvador
14%
RUBurundi
10%

Score Distribution

Percentile by Number Answered

Percent of People with Each Score

Your Score History

You have not taken this quiz